00358nam a2200121Ia 4500008004100000040001800041041000800059100003600067245006500103260003500168300001800203650001500221130821s1955 ck gr spa  aCo-BoUCMbspa aspa1 aCastellanos, Juan ded1522-1606 aElegías de varones ilustres de indiascJuan de Castellanos aBogotá (Colombia)bABCc1955 a4 volúmenes04aLiteratura